[Event "Manhattan Open"]
[Site "New York, NY"]
[Date "2011.08.18"]
[Round "3"]
[White "Shvartsman, Andrew"]
[Black "Helfst, Matt"]
[Result "1-0"]
[WhiteElo "2209"]
[BlackElo "1971"]
[EventDate "2011.08.17"]
[WhiteTitle "-"]
[BlackTitle "-"]
[Source "MonRoi"]

1.e4 e6 2.d4 d5 3.Nd2 dxe4 4.Nxe4 Bd7 5.Nf3 Bc6 6.Bd3 Nd7 7.O-O Ngf6 8.Ng3
Be7 9.c4 O-O 10.b3 Re8 11.Bb2 b6 12.Qe2 Bb7 13.Rad1 c6 14.Ne5 Qc7 15.Nxd7 
Nxd7 16.Qg4 Nf6 17.Qh3 g6 18.f3 c5 19.dxc5 Qxc5+ 20.Kh1 Rad8 21.Be4 Bc8 
22.Qh6 e5 23.Bb1 Rd6 24.Rde1 Bf8 25.Qc1 Rde6 26.Re2 Bg7 27.Rfe1 Nd7 28.Ne4
Qe7 29.Ba3 Nc5 30.Qe3 Rc6 31.Nc3 Qh4 32.g3 Qh5 33.Nd5 Bh6 34.Qf2 Bg7 35.
Bb2 f6 36.g4 Qh3 37.Nf4 Qh6 38.Nd5 Ne6 39.Qg3 Bb7 40.Bc1 g5 41.Be4 Nc5 42.
Bc2 Ne6 43.Rd1 Rcc8 44.Bf5 Bxd5 45.cxd5 Nd4 46.Bxc8 Nxe2 47.Qe1 Nxc1 48.
Rxc1 Bf8 49.Be6+ Kh8 50.Rc7 e4 51.Qxe4 Bd6 52.Rc2 Qh3 53.Kg1 Bc5+ 54.Rxc5 
bxc5 55.d6 Rd8 56.Bf5 Qh6 57.Qe7 Rg8 58.d7 1-0

[Event "Manhattan Open"]
[Site "New York, NY"]
[Date "2011.08.19"]
[Round "4"]
[White "Gustafsson, Jan"]
[Black "Romanenko, Vladimir"]
[Result "1/2-1/2"]
[WhiteElo "2634"]
[BlackElo "2454"]
[EventDate "2011.08.17"]
[WhiteTitle "GM"]
[BlackTitle "IM"]
[Source "MonRoi"]

1.Nf3 Nf6 2.c4 b6 3.g3 Bb7 4.Bg2 e6 5.O-O Be7 6.d4 O-O 7.Re1 Na6 8.Ne5 
Bxg2 9.Kxg2 c5 10.d5 exd5 11.cxd5 Qc7 12.Nf3 Rfe8 13.e4 d6 14.Nc3 Qb7 15.
Bf4 Nh5 16.Be3 b5 17.Nd2 Nf6 18.a4 b4 19.Nb5 Nc7 20.Nxc7 Qxc7 21.Bf4 Nd7 
22.Rc1 Bf6 23.Nc4 Ne5 24.Bxe5 Bxe5 25.f4 Bd4 26.Qf3 Rad8 27.b3 f6 28.Re2 
Re7 29.h4 Rde8 30.g4 g6 31.Rcc2 Rg7 32.Kh3 Qd8 33.Rg2 Qd7 34.Kh2 h6 35.
Rce2 g5 36.h5 gxf4 37.Qxf4 Rg5 38.Rg3 1/2-1/2

[Event "Manhattan Open"]
[Site "New York, NY"]
[Date "2011.08.19"]
[Round "4"]
[White "Fedorowicz, John"]
[Black "Zhao, Parker"]
[Result "1/2-1/2"]
[WhiteElo "2454"]
[BlackElo "2382"]
[EventDate "2011.08.17"]
[WhiteTitle "GM"]
[BlackTitle "-"]
[Source "MonRoi"]

1.c4 e5 2.Nc3 Bb4 3.Qc2 Nf6 4.g3 Nc6 5.Nf3 O-O 6.Nd5 Bc5 7.d3 d6 8.Bg5 Nb4
9.Nxb4 Bxb4+ 10.Bd2 Bxd2+ 11.Qxd2 1/2-1/2

[Event "Manhattan Open"]
[Site "New York, NY"]
[Date "2011.08.19"]
[Round "4"]
[White "Mulyar, Michael"]
[Black "Gelashvili, Tamaz"]
[Result "1/2-1/2"]
[WhiteElo "2410"]
[BlackElo "2616"]
[EventDate "2011.08.17"]
[WhiteTitle "IM"]
[BlackTitle "GM"]
[Source "MonRoi"]

1.d4 Nf6 2.c4 e6 3.g3 d5 4.Nf3 Bb4+ 5.Nc3 dxc4 6.Bg2 O-O 7.a3 Be7 8.Ne5 
Nc6 9.Bxc6 bxc6 10.Nxc6 Qe8 11.Nxe7+ Qxe7 12.Qa4 Nd5 13.Qxc4 a5 14.O-O Ba6
15.Qa2 c5 16.dxc5 Nxc3 17.bxc3 Qxc5 18.Be3 Qxc3 19.Rac1 Qe5 20.Rc5 Qd6 21.
Rfc1 Rfd8 22.Qc2 h6 23.f3 Rac8 24.Kf2 Qd7 25.Rxc8 Rxc8 26.Qd2 Qxd2 1/2-1/2

[Event "Manhattan Open"]
[Site "New York, NY"]
[Date "2011.08.19"]
[Round "4"]
[White "Kacheishvili, Giorgi"]
[Black "Santarius, Erik"]
[Result "1-0"]
[WhiteElo "2582"]
[BlackElo "2311"]
[EventDate "2011.08.17"]
[WhiteTitle "GM"]
[BlackTitle "-"]
[Source "MonRoi"]

1.d4 d5 2.c4 e6 3.Nc3 Be7 4.cxd5 exd5 5.Bf4 Nf6 6.e3 O-O 7.Bd3 c5 8.h3 Nc6
9.Nf3 c4 10.Bc2 Qa5 11.O-O b5 12.Ne5 Qb6 13.Bg5 Nb4 14.Bb1 Be6 15.a3 Nc6 
16.Bxf6 Bxf6 17.Nxd5 Bxd5 18.Nd7 Qd8 19.Qh5 g6 20.Qxd5 Rc8 21.Nxf6+ Qxf6 
22.Qxb5 Rb8 23.Qxc4 Na5 24.Qe2 Nb3 25.Ra2 Qe6 26.Qd1 Rfd8 27.a4 Na5 28.Ra3
Rxb2 29.Rc3 Rdb8 30.Bd3 Qa2 31.Rc5 Nb3 32.Bc4 Qxa4 33.Rc7 Rf8 34.Qf3 Qe8 
35.Qb7 1-0

[Event "Manhattan Open"]
[Site "New York, NY"]
[Date "2011.08.19"]
[Round "4"]
[White "Barrett, Steve"]
[Black "Bartholomew, John"]
[Result "0-1"]
[WhiteElo "2236"]
[BlackElo "2442"]
[EventDate "2011.08.17"]
[WhiteTitle "-"]
[BlackTitle "IM"]
[Source "MonRoi"]

1.d4 d5 2.c4 c6 3.Nf3 Nf6 4.e3 Bf5 5.Nc3 e6 6.Nh4 Bg6 7.g3 Nbd7 8.Be2 Bd6 
9.O-O O-O 10.Nxg6 hxg6 11.Qb3 Rb8 12.Rd1 Qe7 13.Qc2 dxc4 14.Bxc4 a6 15.Bd2
b5 16.Be2 c5 17.dxc5 Nxc5 18.b4 Ncd7 19.a3 Rfc8 20.Qb3 Ne5 21.e4 Nc4 22.
Bg5 Be5 23.Rac1 Qa7 24.Bf3 Bd4 25.Rc2 Ne5 26.Bg2 Nfg4 27.Rf1 Nxf2 28.Rfxf2
Rxc3 29.Rxc3 Ng4 30.Rd3 Nxf2 31.Rxd4 Qxd4 32.Be3 Qd1+ 33.Qxd1 Nxd1 34.Bc5 
e5 0-1

[Event "Manhattan Open"]
[Site "New York, NY"]
[Date "2011.08.19"]
[Round "4"]
[White "Nagle, Sean"]
[Black "Dominguez, Jose"]
[Result "1-0"]
[WhiteElo "2379"]
[BlackElo "2298"]
[EventDate "2011.08.17"]
[WhiteTitle "FM"]
[BlackTitle "-"]
[Source "MonRoi"]

1.d4 b5 2.Bf4 Bb7 3.e3 Nf6 4.Nf3 a6 5.Nbd2 Nh5 6.Bg3 Nxg3 7.hxg3 e6 8.c4 
bxc4 9.Bxc4 c5 10.Qc2 cxd4 11.exd4 Nc6 12.a3 Qb6 13.Qb3 Qxb3 14.Nxb3 Rb8 
15.Rc1 g6 16.O-O Bg7 17.Rfd1 Ne7 18.Nc5 Bxf3 19.gxf3 Rxb2 20.Bxa6 Nf5 21.
d5 Bd4 22.Nd3 Rb6 23.Nb4 Ke7 24.dxe6 fxe6 25.Kf1 Bb2 26.Rb1 Bd4 27.g4 Bc5 
28.Nd3 Rxb1 29.Rxb1 Bxa3 30.gxf5 gxf5 31.Rb7 Bd6 32.Bb5 Rd8 33.f4 Kf6 34.
Rxd7 Rb8 35.Rxd6 Rxb5 36.Rd7 Rd5 37.Ne5 Rxd7 38.Nxd7+ Ke7 39.Ne5 Kd6 40.
Ke2 Kd5 41.Ke3 Kc5 42.Nd7+ Kd6 43.Nf6 h6 44.Kd4 Ke7 45.Ng8+ Kf7 46.Nxh6+ 
Kf6 47.Ng8+ Kf7 48.Ke5 1-0

[Event "Manhattan Open"]
[Site "New York, NY"]
[Date "2011.08.19"]
[Round "4"]
[White "Kleiman, Jake"]
[Black "Ostrovskiy, Aleksandr"]
[Result "0-1"]
[WhiteElo "2375"]
[BlackElo "2294"]
[EventDate "2011.08.17"]
[WhiteTitle "IM"]
[BlackTitle "FM"]
[Source "MonRoi"]

1.d4 d5 2.c4 c6 3.Nf3 Nf6 4.Nc3 dxc4 5.a4 Bf5 6.e3 e6 7.Bxc4 Bb4 8.O-O O-O
9.Qe2 Ne4 10.Nxe4 Bxe4 11.Rd1 Nd7 12.Ne1 a5 13.f3 Bd5 14.e4 Bxc4 15.Qxc4 
Qe7 16.Nd3 Bd6 17.Be3 Bc7 18.Bf2 Rfd8 19.Rac1 h6 20.Kh1 Rac8 21.Qb3 Bb6 
22.Ne5 Qb4 23.Qxb4 axb4 24.Nd3 e5 25.Nxb4 Bxd4 26.Bxd4 exd4 27.Kg1 c5 28.
Nd5 Kf8 29.Kf2 Ra8 30.b3 Ra5 31.b4 Rxa4 32.bxc5 Rc8 33.Nb6 Nxb6 34.cxb6 
Rac4 35.Rxc4 Rxc4 36.Ke2 Rb4 37.Kd3 Rxb6 38.Rd2 Rb4 39.Rc2 Ke7 40.Rc7+ Ke6
41.h4 g6 42.f4 h5 43.g3 Kf6 44.e5+ Ke6 45.Ke4 Rb3 46.Kxd4 Rxg3 47.Rxb7 Rg4
48.Rb6+ Ke7 49.Rb7+ Kf8 50.Ke4 Rxh4 51.Kf3 Rh3+ 52.Ke4 Rh1 53.Kf3 Rc1 54.
Kg3 Rc3+ 55.Kh4 Rf3 56.Rb4 Kg7 57.Kg5 Rg3+ 58.Kh4 Rg4+ 59.Kh3 g5 60.e6 
fxe6 61.Rb7+ Kg6 62.fxg5 Rxg5 63.Rb4 Kf5 64.Rb5+ e5 65.Kh4 Rg1 66.Rb4 Rg4+
0-1

[Event "Manhattan Open"]
[Site "New York, NY"]
[Date "2011.08.19"]
[Round "4"]
[White "Williams, Alan"]
[Black "Sarkar, Justin"]
[Result "0-1"]
[WhiteElo "2230"]
[BlackElo "2376"]
[EventDate "2011.08.17"]
[WhiteTitle "-"]
[BlackTitle "IM"]
[Source "MonRoi"]

1.e4 c5 2.Nf3 d6 3.d4 cxd4 4.Nxd4 Nf6 5.Nc3 a6 6.h3 e6 7.g4 b5 8.Bg2 Bb7 
9.a3 Nfd7 10.O-O g5 11.Be3 Ne5 12.b3 Be7 13.a4 b4 14.Nce2 h5 15.gxh5 Rxh5 
16.Ng3 Rh7 17.Qd2 d5 18.f4 gxf4 19.Bxf4 Ng6 20.Be3 Nh4 21.Rf2 dxe4 22.Bxe4
Bxe4 23.Nxe4 Qd5 24.Qd3 Rg7+ 25.Kf1 Nd7 26.Nf3 Nxf3 27.Rxf3 Qxd3+ 28.cxd3 
f5 29.Rg3 Rxg3 30.Nxg3 Rc8 31.Ne2 Kf7 32.Rc1 Rxc1+ 33.Nxc1 e5 34.Kg2 Bc5 
35.Kf3 Kg6 36.Bd2 a5 37.Ne2 Bd4 38.Be3 Bxe3 39.Kxe3 Nc5 40.Nc1 f4+ 41.Kf3 
Kf5 42.h4 Nxd3 43.Nxd3 e4+ 44.Ke2 exd3+ 45.Kxd3 Kg4 0-1

[Event "Manhattan Open"]
[Site "New York, NY"]
[Date "2011.08.19"]
[Round "4"]
[White "Zenyuk, Iryna"]
[Black "Garcia, Gildardo"]
[Result "1/2-1/2"]
[WhiteElo "2222"]
[BlackElo "2368"]
[EventDate "2011.08.17"]
[WhiteTitle "WIM"]
[BlackTitle "GM"]
[Source "MonRoi"]

1.d4 Nf6 2.c4 g6 3.Nc3 Bg7 4.e4 d6 5.Nf3 Bg4 6.d5 c6 7.Be2 cxd5 8.cxd5 O-O
9.O-O a6 10.Be3 b5 11.Nd4 Bxe2 12.Qxe2 b4 13.Na4 Nxe4 14.Nc6 Nxc6 15.dxc6 
d5 16.Nb6 d4 17.Nxa8 dxe3 18.Qxe3 Qd5 19.Nb6 Qxc6 20.Rac1 Qb7 21.Rc4 Nd6 
22.Rxb4 a5 23.Rb3 Nf5 24.Qc5 Nd4 25.Re3 e6 26.Na4 f5 27.Qb6 Qf7 28.Nc5 f4 
29.Rxe6 f3 30.Re3 Ne2+ 31.Kh1 fxg2+ 32.Kxg2 Qd5+ 33.Ne4 Bd4 34.Qb3 Nf4+ 
35.Kh1 Bxe3 36.fxe3 Qxb3 37.axb3 Nd5 38.Rxf8+ Kxf8 39.Nd6 Nxe3 40.Nb7 Nd1 
41.Nxa5 Nxb2 42.Nc6 1/2-1/2

[Event "Manhattan Open"]
[Site "New York, NY"]
[Date "2011.08.19"]
[Round "4"]
[White "Kopec, Danny"]
[Black "Betaneli, Alex"]
[Result "1/2-1/2"]
[WhiteElo "2334"]
[BlackElo "2255"]
[EventDate "2011.08.17"]
[WhiteTitle "IM"]
[BlackTitle "FM"]
[Source "MonRoi"]

1.d4 d5 2.Nf3 Nf6 3.Bg5 Ne4 4.Bf4 c5 5.e3 Nc6 6.c3 Qb6 7.Qb3 c4 8.Qxb6 
axb6 9.Nbd2 Nxd2 10.Nxd2 b5 11.e4 e6 12.Be2 Be7 13.h4 O-O 14.Bf3 Rd8 15.
Kd1 b4 16.Bc7 Rd7 17.Bg3 b5 18.Re1 g6 19.Kc2 bxc3 20.bxc3 Ra3 21.exd5 exd5
22.Kb2 b4 23.Nxc4 bxc3+ 24.Kc1 Nxd4 25.Nxa3 Bxa3+ 26.Kd1 c2+ 27.Kd2 Rd8 
28.Re3 Bb4+ 29.Kc1 Bf5 30.Be5 Nxf3 31.Rxf3 Re8 32.Rxf5 gxf5 33.a3 Bf8 34.
f4 f6 35.Bxf6 Re2 36.Ra2 Rxg2 37.a4 Bc5 38.Rxc2 Rxc2+ 39.Kxc2 Kf7 40.Be5 
Ke6 41.h5 Kd7 42.Kc3 Kc6 43.Bd4 Bd6 44.Be3 Be7 45.a5 Kb5 46.a6 Kxa6 47.Kd4
Kb7 48.Kxd5 Kc7 49.Ke6 Bh4 50.Bd4 Bg3 51.Be5+ Kd8 52.Kf7 Kd7 53.Bb8 Bh4 
54.Be5 Bg3 55.Kf6 Bh4+ 56.Kf7 1/2-1/2

[Event "Manhattan Open"]
[Site "New York, NY"]
[Date "2011.08.19"]
[Round "4"]
[White "Berube, Richard"]
[Black "Korley, Kassa"]
[Result "0-1"]
[WhiteElo "2315"]
[BlackElo "2326"]
[EventDate "2011.08.17"]
[WhiteTitle "FM"]
[BlackTitle "-"]
[Source "MonRoi"]

1.d4 Nf6 2.Nf3 d5 3.c4 c6 4.Nc3 dxc4 5.a4 Bf5 6.e3 e6 7.Bxc4 Bb4 8.O-O 
Nbd7 9.Qe2 Bg4 10.e4 Qa5 11.e5 Nd5 12.Nxd5 cxd5 13.Bb5 a6 14.Bd3 Nb8 15.h3
Bh5 16.Be3 Nc6 17.Rfc1 Be7 18.g4 Bg6 19.Bd2 Qb6 20.a5 Qa7 21.Bc3 O-O 22.
Kg2 Bxd3 23.Qxd3 f5 24.Rh1 Qb8 25.Nd2 g6 26.f3 Qd8 27.Nb3 Rf7 28.Raf1 b5 
29.Bd2 Rc8 30.Rc1 Nb4 31.Bxb4 Bxb4 32.Rxc8 Qxc8 33.Rc1 Rc7 34.Rxc7 Qxc7 
35.Nc5 Bxc5 36.Qc3 b4 37.Qxc5 Qxc5 38.dxc5 Kf8 39.Kf2 Ke8 40.Ke3 Kd7 41.
Kd4 f4 42.g5 Kc6 43.b3 Kb5 0-1

[Event "Manhattan Open"]
[Site "New York, NY"]
[Date "2011.08.19"]
[Round "4"]
[White "Gulamali, Kazim"]
[Black "Schut, Han"]
[Result "1-0"]
[WhiteElo "2367"]
[BlackElo "2142"]
[EventDate "2011.08.17"]
[WhiteTitle "FM"]
[BlackTitle "-"]
[Source "MonRoi"]

1.d4 Nf6 2.c4 g6 3.Nf3 Bg7 4.g3 d5 5.Bg2 dxc4 6.O-O c5 7.Qa4+ Nbd7 8.dxc5 
Qc7 9.Na3 a6 10.c6 bxc6 11.Bf4 Qb6 12.Nxc4 Qb5 13.Qc2 Nd5 14.Nce5 Nxf4 15.
gxf4 Nxe5 16.Nxe5 Bb7 17.a4 Qb6 18.Ra3 O-O 19.Nd7 Qc7 20.Nxf8 Rxf8 21.e3 
c5 22.Bxb7 Qxb7 23.Qxc5 Qf3 24.Qg5 Bxb2 25.Rb3 Qe2 26.Rb1 Bf6 27.Qg2 Qa2 
28.Qc6 a5 29.Kg2 Qe2 30.h3 Kg7 31.Rb8 Bh4 32.R1b2 Qd1 33.Rxf8 Kxf8 34.Qa8+
Kg7 35.Qxa5 Qc1 36.Re2 Qc6+ 37.e4 f5 38.Qb5 Qa8 39.a5 fxe4 40.a6 e3+ 41.
Qb7 Qf8 42.fxe3 1-0

[Event "Manhattan Open"]
[Site "New York, NY"]
[Date "2011.08.19"]
[Round "4"]
[White "Adu, Oladapo"]
[Black "Kovalchuk, Igor"]
[Result "0-1"]
[WhiteElo "2276"]
[BlackElo "2034"]
[EventDate "2011.08.17"]
[WhiteTitle "IM"]
[BlackTitle "-"]
[Source "MonRoi"]

1.e4 g6 2.d4 Nf6 3.e5 Nh5 4.Nc3 d6 5.Bc4 c6 6.Qf3 d5 7.Bb3 Ng7 8.Nge2 h5 
9.h3 Bf5 10.Rg1 h4 11.Bg5 Ne6 12.Be3 Nd7 13.O-O-O b5 14.g4 hxg3 15.Nxg3 
Ng7 16.Nxf5 Nxf5 17.Nxd5 Nh4 18.Qe4 cxd5 19.Bxd5 f5 20.Qd3 Bg7 21.Bxa8 
Qxa8 22.Qxb5 a6 23.Qa4 Qd5 24.Qxa6 Kf7 25.c4 Qe4 26.Rde1 Nf8 27.Bg5 Qxd4 
28.Re2 Ne6 29.Rd1 Qc5 30.Rd5 Qc7 31.f4 Nf3 32.Qa4 Nfxg5 33.fxg5 Nf4 34.e6+
Kg8 35.Red2 Nxd5 36.Qa8+ Bf8 37.Qxd5 Rxh3 38.Kc2 Qf4 39.a4 Bg7 40.a5 Qf1 
41.a6 Qa1 42.Qb5 Qa2 43.Kc1 Qa1+ 44.Kc2 Bxb2 45.Qb8+ Kh7 46.Rd1 Qa2 0-1

[Event "Manhattan Open"]
[Site "New York, NY"]
[Date "2011.08.19"]
[Round "4"]
[White "Helfst, Matt"]
[Black "Dadello, Alexandra"]
[Result "0-1"]
[WhiteElo "1971"]
[BlackElo "1811"]
[EventDate "2011.08.17"]
[WhiteTitle "-"]
[BlackTitle "-"]
[Source "MonRoi"]

1.c4 e5 2.Nc3 Nf6 3.g3 Bb4 4.Bg2 O-O 5.d3 d5 6.cxd5 Nxd5 7.Bd2 c6 8.Nf3 
Re8 9.O-O Nxc3 10.Bxc3 Bxc3 11.bxc3 Bg4 12.Rb1 Qc7 13.Qc2 Nd7 14.d4 Rad8 
15.Ng5 Nf6 16.f3 Bc8 17.e3 h6 18.Ne4 Nd5 19.Rfe1 exd4 20.exd4 b6 21.c4 Ne7
22.Rbd1 f5 23.Nc3 f4 24.g4 h5 25.h3 Qd6 26.Re5 hxg4 27.hxg4 Ng6 28.Ne4 Qf8
29.Rh5 Qe7 30.Bf1 Bxg4 31.fxg4 Qxe4 32.Qxe4 Rxe4 33.Bd3 Rexd4 34.Rh3 f3 
35.Rxf3 Ne5 0-1

[Event "Manhattan Open"]
[Site "New York, NY"]
[Date "2011.08.19"]
[Round "5"]
[White "Stripunsky, Alexander"]
[Black "Romanenko, Vladimir"]
[Result "0-1"]
[WhiteElo "2568"]
[BlackElo "2454"]
[EventDate "2011.08.17"]
[WhiteTitle "GM"]
[BlackTitle "IM"]
[Source "MonRoi"]

1.d4 Nf6 2.Nf3 e6 3.Bf4 b6 4.e3 Bb7 5.Bd3 Be7 6.h3 O-O 7.Nbd2 Nc6 8.a3 Bd6
9.Bg5 h6 10.Bh4 g5 11.Nxg5 hxg5 12.Bxg5 Be7 13.h4 Ne8 14.Bh6 f5 15.Bxf8 
Bxf8 16.Qe2 Bg7 17.O-O-O Qf6 18.c3 Na5 19.f4 Qh6 20.b4 Nc6 21.g4 fxg4 22.
Qxg4 Ne7 23.Rhg1 Nd5 24.Rg3 Nxc3 25.Rdg1 a5 26.b5 Kf8 27.h5 Bf6 28.Qh3 Kf7
29.Rg6 Qf8 30.Qg4 Qxa3+ 31.Kc2 Nd5 32.Rxf6+ Ndxf6 33.Qg5 c5 34.Bg6+ Ke7 
35.Bxe8 Qa4+ 36.Kc1 cxd4 37.Bxd7 d3 38.Kb2 Qc2+ 39.Ka1 Qc3+ 40.Kb1 Rg8 0-1

[Event "Manhattan Open"]
[Site "New York, NY"]
[Date "2011.08.19"]
[Round "5"]
[White "Bartholomew, John"]
[Black "Kacheishvili, Giorgi"]
[Result "0-1"]
[WhiteElo "2442"]
[BlackElo "2582"]
[EventDate "2011.08.17"]
[WhiteTitle "IM"]
[BlackTitle "GM"]
[Source "MonRoi"]

1.d4 Nf6 2.c4 e6 3.Nc3 Bb4 4.e3 O-O 5.Bd3 d5 6.Nf3 c5 7.O-O cxd4 8.exd4 
dxc4 9.Bxc4 b6 10.Bg5 Bb7 11.Rc1 h6 12.Bh4 Nc6 13.a3 Be7 14.Qd3 Nh5 15.Bg3
Nxg3 16.hxg3 Bf6 17.Rfd1 Ne7 18.Ba2 Rc8 19.Ne4 Bxe4 20.Qxe4 Qd7 21.Bb1 g6 
22.Qf4 Kg7 23.Ne5 Qb5 24.Bd3 Qxb2 25.Rb1 Qc3 26.Ng4 Bg5 27.Qe5+ Kg8 28.f4 
Nc6 29.Qe4 h5 30.Ne3 Bf6 31.d5 Nd4 32.dxe6 Nxe6 33.Nd5 Qd4+ 34.Kh2 Kg7 35.
Qxd4 Bxd4 36.f5 gxf5 37.Bxf5 Be5 38.Re1 Bb8 39.Bxe6 fxe6 40.Nf4 Bxf4 41.
gxf4 Rxf4 42.Rxe6 Rc3 43.Rb4 Rf6 44.Re7+ Rf7 45.Re5 Rxa3 46.Rxh5 Kg6 47.
Rbh4 Rg7 48.Rd5 Kf6 49.Rh6+ Ke7 50.Rhd6 Ra2 51.Rd7+ Ke6 52.R7d6+ Kf7 53.
Rd7+ Kg6 54.Kh3 Rxd7 55.Rxd7 b5 56.Rb7 a6 57.g4 Kg5 58.Rg7+ Kf6 59.Rb7 Ra1
60.Kh4 Rh1+ 61.Kg3 Ke5 62.Rb6 Ra1 63.Kh4 Kd5 64.g5 Kc5 65.Rf6 Rh1+ 66.Kg4 
a5 67.g6 a4 68.Rf3 Rh8 69.g7 Rg8 70.Rf7 b4 71.Kf5 b3 72.Rb7 Kc6 73.Rb4 
Rxg7 74.Rxa4 Rb7 75.Ra1 b2 76.Rb1 Kd5 0-1

[Event "Manhattan Open"]
[Site "New York, NY"]
[Date "2011.08.19"]
[Round "5"]
[White "Kudrin, Sergey"]
[Black "Nagle, Sean"]
[Result "1-0"]
[WhiteElo "2547"]
[BlackElo "2379"]
[EventDate "2011.08.17"]
[WhiteTitle "GM"]
[BlackTitle "FM"]
[Source "MonRoi"]

1.e4 d5 2.exd5 Qxd5 3.Nc3 Qa5 4.d4 Nf6 5.Nf3 c6 6.Bd2 Bf5 7.Ne4 Qb6 8.
Nxf6+ gxf6 9.b4 Nd7 10.a3 e5 11.Bc4 Bg7 12.O-O Bg6 13.dxe5 fxe5 14.Bc3 Qc7
15.Re1 O-O 16.Qc1 Rae8 17.Qb2 Re7 18.Bb3 Rfe8 19.Nh4 Nb6 20.Rad1 Rd8 21.
Rxd8+ Qxd8 22.Qa1 Nd5 23.Bb2 Qc7 24.g3 Qd7 25.Nxg6 hxg6 26.Rd1 Qf5 27.Bxd5
cxd5 28.Rxd5 Qxc2 29.Bxe5 Bxe5 30.Rxe5 Rxe5 31.Qxe5 Qc1+ 32.Kg2 Qc6+ 33.
Kh3 Qd7+ 34.g4 Qd3+ 35.Qe3 Qf1+ 36.Kh4 Qh1 37.h3 a6 38.f4 Qc6 39.Kg3 Kh7 
40.h4 Qd5 41.Qf3 Qd2 42.f5 Qd6+ 43.Kh3 Qd7 44.Qe4 Kg7 45.fxg6 fxg6 46.Qe5+
Kg8 47.Kg3 Qd3+ 48.Kf4 Qd2+ 49.Qe3 Qd6+ 50.Kf3 Kh7 51.Qe4 Qd1+ 52.Kg3 Qg1+
53.Kf4 Qh2+ 54.Kg5 Qd2+ 55.Kf6 Qf2+ 56.Ke6 Qxh4 57.Qxb7+ Kh6 58.Qf3 Qg5 
59.Qf8+ Kh7 60.Qe7+ 1-0

[Event "Manhattan Open"]
[Site "New York, NY"]
[Date "2011.08.19"]
[Round "5"]
[White "Lenderman, Aleksandr"]
[Black "Lapshun, Yury"]
[Result "1/2-1/2"]
[WhiteElo "2525"]
[BlackElo "2444"]
[EventDate "2011.08.17"]
[WhiteTitle "GM"]
[BlackTitle "IM"]
[Source "MonRoi"]

1.d4 d5 2.c4 e6 3.Nf3 Nf6 4.g3 dxc4 5.Bg2 a6 6.O-O Nbd7 7.Nbd2 b5 8.Ne5 
Nxe5 9.Bxa8 Qxd4 10.Ne4 Qa7 11.Nxf6+ gxf6 12.Bg2 Bc5 13.a4 Bb7 14.axb5 
Bxg2 15.Kxg2 Qb7+ 16.f3 axb5 17.Bf4 Nc6 18.Qd2 Ke7 19.Be3 Bd6 20.Rfd1 Ra8 
21.Bf4 e5 22.Be3 Nb4 23.Rxa8 Qxa8 24.Bf2 h5 25.Qh6 Nc6 26.Qh7 Qa4 27.Rd2 
Qb4 28.Qc2 Qa5 29.Be3 Qb4 30.Rd5 Qa5 31.Rd1 Qa2 32.h4 b4 33.Rd2 Qb3 34.Kf2
Qxc2 35.Rxc2 Na5 36.g4 f5 37.gxh5 f4 38.Bd2 c3 39.bxc3 b3 40.Rc1 Nc4 41.h6
Kf8 42.Rg1 e4 43.h7 e3+ 44.Bxe3 fxe3+ 45.Ke1 Be5 46.Rg8+ Ke7 47.Kd1 Nd2 
48.Kc1 Bxc3 49.Rb8 f5 50.h5 Kf7 51.h8=N+ Kf6 52.f4 b2+ 53.Kc2 b1=Q+ 54.
Rxb1 Nxb1 55.Ng6 Nd2 56.Kxc3 Ne4+ 57.Kd3 Ng3 58.Kxe3 Nxh5 59.Ne5 Ng7 60.
Kd3 Ke6 61.e4 1/2-1/2

[Event "Manhattan Open"]
[Site "New York, NY"]
[Date "2011.08.19"]
[Round "5"]
[White "Ostrovskiy, Aleksandr"]
[Black "Gelashvili, Tamaz"]
[Result "0-1"]
[WhiteElo "2294"]
[BlackElo "2616"]
[EventDate "2011.08.17"]
[WhiteTitle "FM"]
[BlackTitle "GM"]
[Source "MonRoi"]

1.e4 e5 2.Nf3 d6 3.d4 exd4 4.Nxd4 Nf6 5.Nc3 Be7 6.g3 O-O 7.Bg2 c6 8.O-O 
Re8 9.b3 Bf8 10.Bb2 Nbd7 11.Qd2 Nc5 12.Rae1 a5 13.a4 g6 14.h3 Bg7 15.g4 h6
16.Kh1 Bd7 17.f4 d5 18.exd5 Rxe1 19.Rxe1 cxd5 20.Rd1 Nfe4 21.Nxe4 Nxe4 22.
Bxe4 dxe4 23.Kg2 Qb6 24.Bc3 Qc5 25.Ne2 Bc6 26.Kf1 Bxc3 27.Qxc3 Qe7 28.Qe3 
Qf6 29.c4 Re8 30.Rd4 Qe7 31.Rd2 Qa3 32.Kf2 Qa1 33.Ng3 Qf6 34.Kg2 Kh7 35.
Kh2 Qe7 36.Kg2 Qa3 37.Kf2 Re6 38.Ne2 Rf6 39.Rd4 Qa1 40.Kg2 Qe1 41.Kh2 g5 
42.f5 h5 43.Rxe4 Bxe4 44.Qxe4 hxg4 45.Qxg4 Qf2+ 46.Kh1 Qxf5 47.Qxf5+ Rxf5 
48.Kg2 Kg6 49.Nd4 Rf6 0-1

[Event "Manhattan Open"]
[Site "New York, NY"]
[Date "2011.08.19"]
[Round "5"]
[White "Sarkar, Justin"]
[Black "Kekelidze, Mikheil"]
[Result "1-0"]
[WhiteElo "2376"]
[BlackElo "2452"]
[EventDate "2011.08.17"]
[WhiteTitle "IM"]
[BlackTitle "GM"]
[Source "MonRoi"]

1.d4 d6 2.Nf3 f5 3.Nc3 Nf6 4.Bg5 c6 5.Bxf6 exf6 6.e3 d5 7.Bd3 Bb4 8.O-O 
Be6 9.Ne2 g6 10.c3 Bd6 11.Qc2 a5 12.c4 Na6 13.c5 Bb8 14.a3 Kf7 15.g3 Bc8 
16.Nc3 Nc7 17.b4 Ne6 18.h4 Ng7 19.b5 g5 20.b6 f4 21.exf4 gxf4 22.Bxh7 f5 
23.Ng5+ Kf6 24.Rae1 Bd7 25.Qd3 Re8 26.Qf3 Re4 27.Ncxe4+ fxe4 28.Nxe4+ dxe4
29.Qxe4 Nf5 30.g4 Nxh4 31.f3 Qf8 32.Kf2 Kf7 33.Rh1 Qd8 34.Rh3 Qg5 35.Reh1 
Bd6 36.Rxh4 Bxc5 37.Qg6+ Qxg6 38.Bxg6+ Kxg6 39.Rh6+ Kf7 40.dxc5 Be6 41.
Rh7+ Kf8 42.Rxb7 Rd8 43.Rh8+ Bg8 44.Rc7 Rd2+ 45.Ke1 1-0

[Event "Manhattan Open"]
[Site "New York, NY"]
[Date "2011.08.19"]
[Round "5"]
[White "Dean-Kawamura, Ben"]
[Black "Getz, Alec"]
[Result "0-1"]
[WhiteElo "2397"]
[BlackElo "2313"]
[EventDate "2011.08.17"]
[WhiteTitle "FM"]
[BlackTitle "FM"]
[Source "MonRoi"]

1.e4 c6 2.d4 d5 3.f3 Qb6 4.a4 e6 5.c3 c5 6.a5 Qc7 7.Bd3 Nc6 8.Qe2 Nf6 9.
Bg5 Be7 10.Bxf6 Bxf6 11.exd5 Ne7 12.Bb5+ Kf8 13.d6 Qxd6 14.Nd2 cxd4 15.Ne4
Qc7 16.cxd4 Bxd4 17.Qd2 e5 18.Ne2 Be6 19.Nxd4 exd4 20.Rc1 Qe5 21.Rc5 Nd5 
22.Bc4 b6 23.Rb5 a6 24.Bxd5 Bxd5 25.Rxb6 Bxe4 26.O-O Bf5 27.Re1 Qc5 28.Rc1
Qe7 29.Re1 Qc5 30.Rc1 Qe7 31.Re1 Be6 32.Qf4 Kg8 33.Qxd4 h5 34.f4 Qf6 35.
Qe4 Rd8 36.Rxa6 Qd4+ 37.Qxd4 Rxd4 38.Re5 g6 39.Rb6 Kg7 40.a6 Rc8 41.h3 
Rxf4 42.Ra5 Rc1+ 43.Kh2 h4 44.Rb4 Rxb4 0-1

[Event "Manhattan Open"]
[Site "New York, NY"]
[Date "2011.08.19"]
[Round "5"]
[White "Betaneli, Alex"]
[Black "Gulamali, Kazim"]
[Result "0-1"]
[WhiteElo "2255"]
[BlackElo "2367"]
[EventDate "2011.08.17"]
[WhiteTitle "FM"]
[BlackTitle "FM"]
[Source "MonRoi"]

1.Nf3 Nf6 2.g3 g6 3.Bg2 Bg7 4.O-O O-O 5.c4 d6 6.Nc3 Nc6 7.d4 a6 8.h3 Rb8 
9.e4 Nd7 10.Rb1 e5 11.Bg5 f6 12.Be3 f5 13.exf5 gxf5 14.Ng5 Nf6 15.dxe5 
Nxe5 16.f4 Nf7 17.Ba7 Ra8 18.Bd4 h6 19.Nxf7 Rxf7 20.Re1 c6 21.c5 d5 22.Na4
Ne4 23.Nb6 Rb8 24.Kh2 Be6 25.Bf3 Qc7 26.Rg1 Kh7 27.Bh5 Re7 28.Bf3 Rg8 29.
Bxg7 Rexg7 30.Bxe4 fxe4 31.Qd4 Rf7 32.Rbf1 h5 33.h4 Rg4 34.Rg2 Rg6 35.Na4 
Bg4 36.Nc3 Bf3 37.Rxf3 exf3 38.Rf2 Qe7 39.Rxf3 Re6 40.Qd3+ Kg8 41.b4 Qf6 
42.a4 Rfe7 43.f5 Re1 44.Kg2 Kg7 45.Qd2 d4 46.Qg5+ Qxg5 47.hxg5 R7e3 48.f6+
Kf7 49.Rf2 Re8 50.g6+ Kxg6 51.f7 Rf8 52.Ne2 Rxf7 53.Nf4+ Kh6 54.Rd2 Rd7 
55.Ne2 d3 56.Nf4 Re4 0-1

[Event "Manhattan Open"]
[Site "New York, NY"]
[Date "2011.08.19"]
[Round "5"]
[White "Hughes, John"]
[Black "Bonin, Jay"]
[Result "0-1"]
[WhiteElo "2049"]
[BlackElo "2323"]
[EventDate "2011.08.17"]
[WhiteTitle "-"]
[BlackTitle "IM"]
[Source "MonRoi"]

1.e4 c5 2.c3 e6 3.d4 d5 4.exd5 exd5 5.Nf3 Nc6 6.Bb5 Bd6 7.dxc5 Bxc5 8.O-O 
Ne7 9.Nbd2 O-O 10.Nb3 Bd6 11.h3 a6 12.Bd3 Bf5 13.Be3 Re8 14.Qc2 Qc8 15.
Rfd1 Nb4 16.Bxf5 Nxc2 17.Bxc8 Nxa1 18.Bxb7 Rab8 19.Bxd5 Nxb3 20.Bxb3 Red8 
21.Bg5 Kf8 22.Nd4 h6 23.Be3 Be5 24.Re1 a5 25.Re2 Bc7 26.g3 Rb7 27.Bc4 a4 
28.Nb5 Rd1+ 29.Kg2 Bb6 30.Bf4 Nf5 31.Re5 g6 32.Re2 g5 33.Be5 Re7 34.h4 f6 
35.Bxf6 Rxe2 36.Bxe2 Rd2 37.Kf1 gxh4 38.g4 h3 39.gxf5 Rxe2 40.Nd4 Bxd4 41.
Bxd4 Rxb2 42.Kg1 Rxa2 43.Kh2 a3 44.c4 Kf7 45.Kxh3 Rd2 0-1